| 000 | 00786cam a2200205 4500 | ||
|---|---|---|---|
| 001 | 5233 | ||
| 005 | 20181127175048.0 | ||
| 008 | 041025r20041998nyub 000 0 eng | ||
| 010 | _a 2004559125 | ||
| 020 | _a9781447275268 (pbk.) | ||
| 043 | _af-rw--- | ||
| 100 | 1 |
_aGourevitch, Philip, _d1961- |
|
| 245 | 1 | 0 |
_aWe wish to inform you that tomorrow we will be killed with our families : _bstories from Rwanda / _cPhilip Gourevitch. |
| 260 |
_aNew York : _bPicador/Farrar, Straus, and Giroux : _bDistributed by Holtzbrinck Publishers, _c[2004], c1998. |
||
| 300 |
_a355 p. : _bmaps ; _c21 cm. |
||
| 500 | _aOriginally published: New York : Farrar, Straus, and Giroux, 1998. | ||
| 650 | 0 |
_aGenocide _zRwanda. |
|
| 651 | 0 |
_aRwanda _xEthnic relations. |
|
| 651 | 0 |
_aRwanda _xPolitics and government. |
|
| 999 |
_c4391 _d4391 |
||